| Tag |
First Indicator |
Second Indicator |
Subfields |
| LEADER |
00000cam a2200000 4500 |
| 001 |
in00000038145 |
| 005 |
20151007080845.0 |
| 008 |
720315s1964 eng u |
| 010 |
|
|
|a 64019849
|
| 035 |
|
|
|a (OCoLC)00263808
|
| 035 |
|
|
|9 AAF5492AM
|
| 040 |
|
|
|c WSU
|d TXA
|d UtOrBLW
|
| 049 |
|
|
|a TXAM
|c [402819]
|
| 050 |
|
0 |
|a BT836.2
|b .W3
|
| 092 |
|
|
|a 237.5
|b W178d
|
| 100 |
1 |
|
|a Walker, D. P.
|q (Daniel Pickering)
|
| 245 |
1 |
4 |
|a The decline of hell.
|
| 264 |
|
1 |
|a [Place of publication not identified] :
|b University of Chicago Press,
|c [1964]
|
| 300 |
|
|
|a 272 pages
|
| 336 |
|
|
|a text
|b txt
|2 rdacontent
|
| 337 |
|
|
|a unmediated
|b n
|2 rdamedia
|
| 338 |
|
|
|a volume
|b nc
|2 rdacarrier
|
| 504 |
|
|
|a Bibliographical footnotes.
|
| 650 |
|
0 |
|a Hell
|x History of doctrines.
|
| 999 |
|
|
|a MARS
|
| 999 |
f |
f |
|s 65bf1ea6-3ea3-39fa-bf38-e636d9d59c65
|i 915d3973-5bf8-3178-a1ec-c97291a58b59
|t 0
|
| 952 |
f |
f |
|p ric
|a Texas A&M University
|b Rellis Campus
|c Joint Library Facility
|d Remote Storage
|t 0
|e BT836.2 .W3
|h Library of Congress classification
|i unmediated -- volume
|m A14800609128
|
| 998 |
f |
f |
|a BT836.2 .W3
|t 0
|l Remote Storage
|